000 00505nam a22001937a 4500
005 20260420150019.0
008 260420b |||||||| |||| 00| 0 eng d
020 _a9789389742305
040 _cFLL
041 _2hn
084 _aZ2,801 Q9
100 _aBaranwal, Anoop
_91111398
245 _aSamaan Nagrik Sanhita
_b:Chunautiya aur Samadhan
250 _a1st.
260 _aNew Delhi
_bLokbharti Prakashan
_c2019
300 _a356p
_bPb
650 _aCivil Procedure
_9681550
942 _2CC
_cTEXL
999 _c1848322
_d1848322